Gale on easements (Record no. 101833)

MARC details
000 -LEADER
fixed length control field 00986cam a2200241 4500
001 - CONTROL NUMBER
control field L116248
008 - FIXED-LENGTH DATA ELEMENTS--GENERAL INFORMATION
fixed length control field 020111n2002 000 0 eng u
020 ## - INTERNATIONAL STANDARD BOOK NUMBER
International Standard Book Number 0421779608
035 ## - SYSTEM CONTROL NUMBER
System control number (Sirsi) u116248
041 ## - LANGUAGE CODE
Language code of text/sound track or separate title eng
050 ## - LIBRARY OF CONGRESS CALL NUMBER
Classification number 346.410435
-- 18
100 ## - MAIN ENTRY--PERSONAL NAME
Personal name Gaunt, Jonathan
245 ## - TITLE STATEMENT
Title Gale on easements
250 ## - EDITION STATEMENT
Edition statement 17th ed.
260 ## - PUBLICATION, DISTRIBUTION, ETC.
Place of publication, distribution, etc. London
Name of publisher, distributor, etc. Sweet and Maxwell
Date of publication, distribution, etc. 2002
300 ## - PHYSICAL DESCRIPTION
Extent lxxvi, 625p.
Dimensions 26cm.
350 ## - PRICE (NR) (BK AM CF MU VM SE) [OBSOLETE]
Price 195
520 ## - SUMMARY, ETC.
Summary, etc. New edition of this classic textbook which considers easements generally, the acquisition of easements, particular easements and similar natural rights; the extinguishment of easements and the disturbance of easements. Extensive references are given throughout to case law, statutes, statutory instruments, civil procedure rules and practice directions.
520 ## - SUMMARY, ETC.
Summary, etc. Brought up to date to January 2005 by the first supplement (ISBN 0421895004).
690 ## - LOCAL SUBJECT ADDED ENTRY--TOPICAL TERM (OCLC, RLIN)
Topical term or geographic name as entry element Boundary disputes
9 (RLIN) 6221
700 ## - ADDED ENTRY--PERSONAL NAME
Personal name Morgan, Paul
942 ## - ADDED ENTRY ELEMENTS (KOHA)
Suppress in OPAC 0
Holdings
Withdrawn status Lost status Source of classification or shelving scheme Damaged status Not for loan Home library Current library Shelving location Date acquired Cost, normal purchase price Total Checkouts Full call number Barcode Date last seen Copy number Cost, replacement price Price effective from Koha item type
    Dewey Decimal Classification     London London Books 16/07/2004 195.00   346.410435 GAU 30069386 06/08/2019 1 195.00 06/08/2019 Reference material